Présentation (notice n° 1647125)

détails MARC
000 -LEADER
fixed length control field 02101cam a2200169 4500500
005 - DATE AND TIME OF LATEST TRANSACTION
control field 20260208003114.0
041 ## - LANGUAGE CODE
Language code of text/sound track or separate title fre
042 ## - AUTHENTICATION CODE
Authentication code dc
100 10 - MAIN ENTRY--PERSONAL NAME
Personal name Atten, Michel
Relator term author
245 00 - TITLE STATEMENT
Title Présentation
260 ## - PUBLICATION, DISTRIBUTION, ETC.
Date of publication, distribution, etc. 2016.<br/>
500 ## - GENERAL NOTE
General note 64
520 ## - SUMMARY, ETC.
Summary, etc. Cet article entend montrer que les sections commentaires de certains sites d’actualité contribuent à stabiliser des communautés à la forte homogénéité idéologique. Après avoir circonscrit une définition de la « communauté cognitive » comme lieu de construction d’une unité d’appréhension du monde dans l’interaction discursive, nous montrons que les agoras numériques que fournissent les sites d’information en ligne permettent aux internautes de tester, confronter, et renforcer une unité idéologique. Nous appuyons notre propos par une analyse argumentative d’un corpus de commentaires sur les sites Atlantico.fr et l’Humanité.fr en réaction à l’« affaire DSK ». Nous défendons ainsi l’intérêt de l’analyse qualitative des tableaux de commentaires pour observer avec finesse des sédimentations idéologiques sur le web.
520 ## - SUMMARY, ETC.
Summary, etc. The online press and cognitive communitiesThe aim of this paper is to show that the comment boards of some news websites contribute to stabilizing ideologically homogeneous communities. After having defined “cognitive communities” as places where people co-create a unity of worldview by sharing discourses with one another, the author shows that the digital agoras provided by online newspapers allow people to test, compare, and reinforce an ideological unity. He supports this discussion with an argumentative analysis of comment boards from two online newspapers, Atlantico.fr and l’Humanité.fr, in response to the “DSK affair”. The relevance of qualitative analysis of comment boards to accurately describe ideological sedimentations on the internet is thus highlighted.
786 0# - DATA SOURCE ENTRY
Note Réseaux | 194 | 6 | 2016-02-04 | p. 7-8 | 0751-7971
856 41 - ELECTRONIC LOCATION AND ACCESS
Uniform Resource Identifier <a href="https://shs.cairn.info/revue-reseaux-2015-6-page-7?lang=fr&redirect-ssocas=7080">https://shs.cairn.info/revue-reseaux-2015-6-page-7?lang=fr&redirect-ssocas=7080</a>

Pas d'exemplaire disponible.

PLUDOC

PLUDOC est la plateforme unique et centralisée de gestion des bibliothèques physiques et numériques de Guinée administré par le CEDUST. Elle est la plus grande base de données de ressources documentaires pour les Étudiants, Enseignants chercheurs et Chercheurs de Guinée.

Adresse

627 919 101/664 919 101

25 boulevard du commerce
Kaloum, Conakry, Guinée

Réseaux sociaux

Powered by Netsen Group @ 2025